000 00912nas a2200325 4500
001 BR7908526
003 BR-BrBNA
005 20231205084036.0
007 ta
008 230509b bl.|||p| |||| 00| 00por d
040 _aBR-BrBNA
_bpor
_cBiblioteca Nacional de Agricultura
041 _a(Pt)
072 _aF00
100 1 _aPaulino, V.T.
245 1 _aO Capim-gamba (Andropogon gayanus Kunth.)na America tropical
650 _aCAPIM ANDROPOGON
650 _aBOTANICA
650 _aVARIEDADE
650 _aFLORACAO
650 _aREPRODUCAO VEGETAL
650 _aMATERIA SECA
650 _aVALOR NUTRITIVO
650 _aFERTILIDADE
650 _aCONSORCIACAO DE CULTURA
650 _aPRODUCAO ANIMAL
650 _aSEMENTE
773 0 _tZootecnia (Brazil)
_xISSN 0044-5320
_g(Oct-Dec 1979), v. 17(4) p. 239-252
_wBR7908526
909 _a202311
_bLúcia
_c55
_dLúcia Elande
942 _2AGRIS
_n0
_cANA
999 _c102754
_d102754